Φαρμακευτική νανοτεχνολογία : βασικές αρχές και πρακτικές εφαρμογές

Αποθηκεύτηκε σε:
Λεπτομέρειες βιβλιογραφικής εγγραφής
Κύριος συγγραφέας: Δεμέτζος, Κωνσταντίνος Ν. (Συγγραφέας)
Μορφή: Βιβλίο
Γλώσσα:Greek
Δημοσίευση: Αθήνα : Παρισιάνου, 2014.
Θέματα:
Ετικέτες: Προσθήκη ετικέτας
Δεν υπάρχουν, Καταχωρήστε ετικέτα πρώτοι!

MARC

LEADER 00000cam a2200000 a 4500
001 1/119004
008 190603syyyy####gr | ||| |||| ||gre||
020 |a 9789603949886  |q (χαρτόδετο) 
040 |a GR-MyUa  |b gre  |c GR-MyUa  |e AACR2 
041 0 |a gre 
082 7 |a 615.19  |2 (23) 
100 1 |a Δεμέτζος, Κωνσταντίνος Ν.  |e aut 
245 1 0 |a Φαρμακευτική νανοτεχνολογία :   |b βασικές αρχές και πρακτικές εφαρμογές /   |c Κωνσταντίνος Ν. Δεμέτζος. 
260 |a Αθήνα :   |b Παρισιάνου,   |c 2014. 
300 |a 390 σ. :   |b είκ. ;   |c 24 εκ. 
504 |a Περιλαμβάνει βιβλιογραφία (σ.378) και ευρετήριο. 
650 0 |a Pharmaceutical technology. 
650 0 |a Biomedical engineering. 
650 0 |a Nanotechnology. 
650 0 |a Technology, Pharmaceutical. 
650 0 |a Medical physics. 
852 |a INST  |b LEMNOS  |c EUDOXUS  |e 20190603  |h 615.19 ΔΕΜ  |p 005600002485  |q 005600002485  |t EDX  |y 0 
852 |a INST  |b LEMNOS  |c EUDOXUS  |e 20190603  |h 615.19 ΔΕΜ  |p 005600002486  |q 005600002486  |t EDX  |y 0 
852 |a INST  |b LEMNOS  |c EUDOXUS  |e 20220620  |h 615.19 ΔΕΜ  |p 005600003349  |q 005600003349  |t EDX  |y 0 
920 |a Εύδοξος  |b Παραγγελία  |y Λήμνος-ΤΕΤΔ  |z 2018-05 
920 |a Εύδοξος  |b Παραγγελία  |y Λήμνος-ΤΕΤΔ  |z 2022-04 
970 |a Ξενιτοπούλου   |b Κωνσταντία  |z 03/06/2019